000 00357nam a22001337a 4500
020 _a9780552562522
040 _cNUST
082 _a823.914 SCO
100 _aScott, Michael
_964862
245 _aThe Alchemyst:
_bThe Secrets of The Immortal Nicholas Flamel
260 _aLondon:
_bDelacorte Press,
_c2007.
650 _aEnglish Fiction
942 _2ddc
_cBK
999 _c593906
_d593906